Reglamentació de l'Escola Catalana d'Art Dramàtic
Descripción Física:
16 p. ; 15 cm
MARC
| LEADER | 00000nam a2200000Ia 4500 | ||
|---|---|---|---|
| 001 | 17642 | ||
| 008 | 160829s9999 xx 000 0 cat d | ||
| 080 | |a RF-2-16 | ||
| 110 | 2 | |a Escola Catalana d'Art Dramàtic |9 55259 | |
| 245 | |a Reglamentació de l'Escola Catalana d'Art Dramàtic | ||
| 260 | |a Barcelona : |b Diputació, Ajuntament de Barcelona, [191?] | ||
| 300 | |a 16 p. ; |c 15 cm | ||
| 610 | 2 | 0 | |9 55259 |a Escola Catalana d'Art Dramàtic |
| 650 | |a Escola Catalana d'Art Dramàtic (Barcelona) |x Reglaments |9 27524 | ||
| 710 | 1 | |a Barcelona (Catalunya : Província). |b Diputació |9 52408 | |
| 900 | |a bib_17942_baixa.pdf | ||
| 901 | |a Arxiu | ||
| 942 | |n 1 |2 udc | ||
| 952 | |0 0 |1 0 |4 0 |6 RF216 |7 1 |9 44423 |a Arxiu |b Arxiu |d 2016-12-01 |l 0 |o RF-2-16 |p 17642 |r 2016-12-01 00:00:00 |w 2016-12-01 |y ARXIU | ||
| 999 | |c 47004 |d 47004 | ||